000 00550nam a2200217 a 4500
999 _c6231
_d6231
001 6231
003 BD-JhCC
005 20180304132001.0
008 171025s1958 enka|||| || | 001 0 eng d
035 _a(BD-JhCC)6231
040 _aBD-JhCC
_dBD-JhCC
041 _aeng
082 _a372.60440942
_bOMA 1958
100 _aO'Malley, Raymond
245 _aEnglish Four /
_cRaymond O'Malley; Denys Thompson
260 _aLondon :
_bHeinemann,
_c1958.
300 _a280 p. :
_c19 cm.
650 _aEnglish Language
942 _2ddc
_cBK